Lies of P Bosses (including DLC) - Statistics

General Stats
  • This quiz has been taken 38 times
  • The average score is 18 of 37
Answer Stats
Location Answer % Correct
Cerasani Alley Parade Master
85%
Relic of Trismegistus Black Rabbit Brotherhood
74%
Elysion Boulevard Mad Donkey
74%
Krat City Hall Scrapped Watchman
74%
Under the Void Nameless Puppet
67%
Workshop Union Puppet of the Future
67%
Barren Swamp Puppet of the Future
67%
Barren Swamp Puppet of the Future
67%
Estella Opera House King of Puppets
63%
Workshop Union King's Flame, Fuoco
59%
Rosa Isabelle Street White Lady
59%
Arche Abbey Laxasia the Complete
56%
Workshop Union Survivor
56%
St Frangelico's Cathedral Fallen Archbishop Andreus
52%
Rose Estate Arlecchino, the Blood Artist
48%
Arche Abbey Black Cat
48%
Cerasani Alley Corrupted Parade Master
48%
Arche Abbey Red Fox
48%
Alchemist Laboratory Two-Faced Overseer
48%
Grand Exhibition Champion Victor
44%
Black Seaside Door Guardian
44%
Krat Central Station Robber Weasel
44%
Malum Distrcit Eldest of the Black Rabbit Brotherhood
41%
Barren Swamp Green Monster of the Swamp
41%
Krat Zoo Markiona, Puppeteer of Death
41%
Moonlight Town The Atoned
41%
Collapsing Krat Walker of Illusions
41%
Ergo Excavation Site Anguished Guardian of the Ruins
37%
Archon Fleet Shipwrecks Lumacchio, Leader of the Bastards
37%
Rosa Isabelle Street Mad Clown Puppet
37%
Barren Swamp Owl Doctor
37%
Estella Opera House Romeo, King of Puppets
33%
Krat Zoo Tyrannical Predator
33%
Alchemist Laboratory Veronique, Leader of the Sweepers
33%
Barren Swamp Puppet-Devouring Green Monster
26%
Arche Abbey Simon Manus, Awakened God
22%
Ergo Excavation Site Premetamorphic Green Hunter
11%
No matching quizzes found
Score Distribution
Percent of People with Each Score
Percentile by Number Answered
Your Score History
You have not taken this quiz